Argumentacin̤ y debate Introduccin̤ al formato Parlamentario Britǹico y debate jurd̕ico /

Bibliographic Details
Main Author: Esteva Bonet, Margarita
Other Authors: Torres Serrano, Francisco Javier
Format: eBook
Language:Spanish
Published: Madrid: Dykinson, 2019
Subjects:
Online Access:Acceso restringido

MARC

LEADER 00000nam a22000007a 4500
005 20190829015228.0
007 cr|||| |||
008 190829s2019 es |||||s|||| 00||0 spa d
020 |a 978-84-1324-169-2 
035 |a 24154 
040 |a vLex 
090 |c 9323  |d 9323 
100 1 |a Esteva Bonet, Margarita 
245 1 0 |a Argumentacin̤ y debate  |h [Recurso electrn̤ico] :  |b Introduccin̤ al formato Parlamentario Britǹico y debate jurd̕ico /  |c Margarita Esteva Bonet, Francisco Javier Torres Serrano 
256 |a Servicio en ln̕ea 
260 |a Madrid:  |b Dykinson,  |c 2019 
300 |a 1 recurso electrn̤ico 
500 |a Este libro es la primera herramienta de introduccin̤ al debate de competicin̤ en formato Parlamentario Britǹico publicada en Espaą. Desde la propia vivencia se pretende proporcionar recursos ter̤icos y prc̀ticos para oradores, formadores y jueces noveles, tanto del m̀bito universitario como del escolar. Adems̀ de la exposicin̤ de las reglas, roles, tipos bs̀icos de argumentacin̤ y sus estructuras contiene un gran nm︢ero de mociones analizadas, grf̀icos, terminologa̕ bs̀ica, consejos de preparacin̤ y unos amplios anexos. 
506 1 |a Disponible solo en los productos indicados  |d vLex Global  |d vLex Global (Academic Edition, excluding Law Schools)  |d vLex Global (U.S. Academic Edition, Law Schools)  |d vLex Global (U.S. Academic Edition, excluding Law Schools)  |d vLex Global (Academic Edition, Law Schools) 
650 0 4 |a Derecho Constitucional  |z Espaą 
650 0 4 |a Ciencias sociales  |z Espaą 
700 1 |a Torres Serrano, Francisco Javier 
740 0 |a vLex Libros (Servicio en ln̕ea) 
856 4 0 |u http://vlex.com/source/argumentacion-y-debate-introduccion-al-formato-parlamentario-britanico-y-debate-juridico-24154  |z Acceso restringido 
942 |c BOOK 
999 0 |a Constitutional Law 
999 0 |a Social sciences